000 00848nam a2200265Ia 4500
003 OSt
005 20220930085139.0
006 a|||||r|||| 00| 0
007 ta
008 220926b |||||||| |||| 00| 0 eng d
024 _a91729
037 _cTheses
040 _aCRL
_cCRL
_beng
041 _2eng
_aeng
100 _aGhosh Anusree
_9539537
110 _aUniversity of Delhi. Faculty of Arts. Department of Modern Indian Languages
245 0 _aRepresentation of family in nineteenth century Bengali novel (1858-1903)
260 _c2007
300 _a315p.
_ap.
_ccm.
650 _aMODERN EUROPEAN LANGUAGES
700 _a Dr. Achyut Mandal Gu.
_9539538
700 _aUniversity of Delhi. Faculty of Arts. Department of Modern Indian Languages
942 _cDIS
_2CC
999 _c878431
_d878431